| 000 | 00591 a2200241 4500 | ||
|---|---|---|---|
| 260 | _aParis | ||
| 630 | _a30 - Sciences sociales en general | ||
| 037 | _b2, CIUF | ||
| 650 | _a3 - SCIENCES SOCIALES | ||
| 100 | _aCrozier, Michel | ||
| 260 | _bEd. Seli Arslan | ||
| 245 | _aA quoi sert la sociologie des organisations ? Tome 1, Théorie, culture, société | ||
| 300 | _a288 p. | ||
| 650 | _aOrganisation : sociologie | ||
| 260 | _c2000 | ||
| 300 | _b22 cm | ||
| 100 | _lFr | ||
| 037 | _a05/133 | ||
| 037 | _a05/134 | ||
| 020 | _a2-84276-050-6 | ||
| 999 |
_c36377 _d36377 |
||